UM Logo

Exploring factors on intention to acquire business interruption insurance / (Record no. 23444)

MARC details
000 -LEADER
fixed length control field 00676nam a22001697a 4500
005 - DATE AND TIME OF LATEST TRANSACTION
control field 20250214092230.0
008 - FIXED-LENGTH DATA ELEMENTS--GENERAL INFORMATION
fixed length control field 250214b |||||||| |||| 00| 0 eng d
082 ## - DEWEY DECIMAL CLASSIFICATION NUMBER
Edition number 2024
Classification number UT
100 ## - MAIN ENTRY--PERSONAL NAME
Personal name Gomez, Kent Harvey M.
9 (RLIN) 65261
245 ## - TITLE STATEMENT
Title Exploring factors on intention to acquire business interruption insurance /
Statement of responsibility, etc. Kent Harvey M. Gomez, Kurt Dan Geoffrey P. Nahine, and Jose Maria V. Palomarez
260 ## - PUBLICATION, DISTRIBUTION, ETC. (IMPRINT)
Place of publication, distribution, etc. Digos City :
Name of publisher, distributor, etc. UMDC,
Date of publication, distribution, etc. ©July 2024.
300 ## - PHYSICAL DESCRIPTION
Extent viii, 37 pages :
Other physical details illustration (some colors) ;
Dimensions 29 cm.
500 ## - GENERAL NOTE
General note Includes references and appendices.
700 ## - ADDED ENTRY--PERSONAL NAME
Personal name Nahine, Kurt Dan Geoffrey P.
9 (RLIN) 65262
700 ## - ADDED ENTRY--PERSONAL NAME
Personal name Palomarez, Jose Maria V.
9 (RLIN) 65263
942 ## - ADDED ENTRY ELEMENTS (KOHA)
Source of classification or shelving scheme Dewey Decimal Classification
Koha item type Undergraduate Thesis
Holdings
Withdrawn status Lost status Source of classification or shelving scheme Damaged status Not for loan Home library Current library Date acquired Total Checkouts Full call number Date last seen Price effective from Koha item type
    Dewey Decimal Classification     UM Digos College - LIC UM Digos College - LIC 01/22/2025   UT 02/14/2025 02/14/2025 Undergraduate Thesis